Diana : A celebration 1961-1997
保存先:
| フォーマット: | 図書 |
|---|---|
| 言語: | Undetermined |
| 主題: | |
| タグ: |
タグ追加
タグなし, このレコードへの初めてのタグを付けませんか!
|
| Thư viện lưu trữ: | Trung tâm Học liệu Trường Đại học Cần Thơ |
|---|
| LEADER | 00460nam a2200145Ia 4500 | ||
|---|---|---|---|
| 001 | CTU_121420 | ||
| 008 | 210402s9999 xx 000 0 und d | ||
| 082 | |a 941.085 | ||
| 082 | |b D538 | ||
| 245 | 0 | |a Diana : | |
| 245 | 2 | |b A celebration 1961-1997 | |
| 650 | |a Diana, princess of wales, 1961-1997,Princesses,Princesses,Women | ||
| 650 | |x Juvenile literature,Biography,Biography | ||
| 650 | |z Breat britain | ||
| 980 | |a Trung tâm Học liệu Trường Đại học Cần Thơ | ||